01589nam a2200301 a 450000100100000000500170001000800410002704000250006808200290009310000310012224500590015325000110021226000580022330000210028149000160030250400560031859000270037465000570040165100670045883000220052591000370054795201420058495201420072695201420086895201270101095201330113799900170127000002558920200930023910.0101013s1982 dr 000 0 spa d aDO-SdBNPbspacBNPHU a280.4097293bL817p, 19821 aLockward, George A.94647913aEl protestantismo en dominicana /cGeorge A. Lockward. a2a ed. aSanto Domingo :bEditora Educativa Dominicana,c1982. a462 p. ;c21 cm.1 aHistoriav3 aIncluye bibliografía y notas al pie de páginas. aInventariado, 2018/ YL 4aIglesias protestanteszRepública Dominicana952268 4aRepública DominicanaiglesiasxHistoria Eclesiástica952269 0aHistoriav392122 aValidado. Control de calidad MFF 001054708DSaGRbGRcHDd2011-02-18iLF1l0o280.4097293 L817p, 1982p25589-30r2020-06-25te. 3w2020-06-25yLFDSZPréstamo en sala 001054708DSaGRbGRcHDd2011-02-18iLF1l0o280.4097293 L817p, 1982p25589-40r2020-06-25te. 4w2020-06-25yLFDSZPréstamo en sala 001054708DSaGRbGRcHDd2011-02-18iLF1l0o280.4097293 L817p, 1982p25589-50r2020-06-25te. 5w2020-06-25yLFDSZPréstamo en sala 0010718PDaPDbPDcHDd2011-02-18iLF1l0o280.4097293 L817p, 1982p25589-10r2020-06-25w2020-06-25yLFPDZNo se presta 0010718PDaPDbPDcHDd2011-02-18iLF1l0o280.4097293 L817p, 1982p25589-20r2020-06-25te. 2w2020-06-25yLFPDZNo se presta c25081d25081